000 00847nam a2200289Ia 4500
001 Para_7506
003 CHAP
008 220125s1939 xx 000 0 und d
010 _a206394
040 _cCHAP
082 _aPA-C 632 B85
100 _aRose, R. C.
_9172693
245 _aSpraying and dusting potatoes /
_c by R. C. Rose
260 _aSt. Paul, Minnesota :
_b University of Minnesota. Agricultural Extension Division
300 _a5 p.
440 _aExtension folder ; 76
_9172694
500 _aEnc. con impresos similares
650 _aFitopatología
_x colecciones de escritos
_9172523
650 _aPapa
_x fumigación
_985239
901 _aPA-C 632 B85
902 _aA
905 _a0000001939 0000000000 00
910 _a1939
942 _cPARA
942 _cPARA
_d1
999 _c206394
_d206394